Czy rozpoznasz to logo? (trudny) - Statystyki

Ogólne statystyki
  • Ten quiz został rozwiązany 740 razy
  • Średni wynik to 4 z 15
Statystyki odpowiedzi
Obrazkowy Odpowiedź % Poprawnych
Seat
96%
The North Face
58%
Dolby
49%
Wendy's
49%
Bacardi
31%
Gatorade
29%
Tide
28%
Xerox
16%
Best Buy
15%
Chiquita
15%
New York Times
14%
Barclays
11%
Klondike
11%
Chevron
8%
Qantas
7%
Nie znaleziono quizów pasujących do podanych kryteriów
Rozkład punktacji
Procent ludzi z każdym wynikiem
Percentyl według liczby udzielonych odpowiedzi
Twoja historia wyników
Nie rozwiązałeś tego quizu